<?xml version="1.0" encoding="UTF-8"?>
<marc:record xmlns:marc="http://www.loc.gov/MARC21/slim">
   <marc:leader>00000nam a2200000 a 4500</marc:leader>
   <marc:datafield ind1="1" ind2=" " tag="100">
      <marc:subfield code="a">Reinhardt, Volker</marc:subfield>
      <marc:subfield code="4">aut</marc:subfield>
      <marc:subfield code="e">Verfasser/-in</marc:subfield>
   </marc:datafield>
   <marc:datafield ind1=" " ind2=" " tag="653">
      <marc:subfield code="a">Softcover / Sachbücher/Geschichte/Regionalgeschichte</marc:subfield>
   </marc:datafield>
   <marc:datafield ind1=" " ind2=" " tag="653">
      <marc:subfield code="a">Ländergeschichte</marc:subfield>
   </marc:datafield>
   <marc:datafield ind1="0" ind2="0" tag="245">
      <marc:subfield code="a">Voltaire</marc:subfield>
   </marc:datafield>
   <marc:datafield ind1="0" ind2="0" tag="245">
      <marc:subfield code="b">Die Abenteuer der Freiheit</marc:subfield>
   </marc:datafield>
   <marc:datafield ind1="0" ind2="0" tag="245">
      <marc:subfield code="c">Volker Reinhardt</marc:subfield>
   </marc:datafield>
   <marc:datafield ind1=" " ind2="1" tag="264">
      <marc:subfield code="a">München</marc:subfield>
      <marc:subfield code="b">Beck</marc:subfield>
      <marc:subfield code="c">2022</marc:subfield>
   </marc:datafield>
   <marc:datafield ind1="1" ind2=" " tag="520">
      <marc:subfield code="a">Angaben aus der Verlagsmeldung

Voltaire : Die Abenteuer der Freiheit / von Volker Reinhardt

Der Literat, Aufklärer, Spötter, Höfling und Gutsherr Voltaire hat Tausende Briefe geschrieben, Dramen und Rührstücke, sarkastische Gedichte, philosophische Erzählungen und weltgeschichtliche Abhandlungen, doch er hat keine Lehre und kein System hinterlassen. Volker Reinhardt zeigt in seiner fesselnden Biographie, dass alle diese Schriften erst vor dem Hintergrund eines abenteuerlichen Lebens Sinn ergeben als ein großes Manifest für die Freiheit in einer autoritätsgläubigen Welt.

Voltaire ist ein Monument der Aufklärung, verewigt im Panthéon, verhasst als Zerstörer aller etablierten Ordnung. Sein "Traktat über die Toleranz" war nach den Anschlägen auf "Charlie Hebdo" 2015 eines der meistverkauften Bücher Frankreichs. Und doch ist der große Philosoph ein Unbekannter. Volker Reinhardt hat das riesige Oeuvre und die Quellen neu gelesen und entdeckt einen Lebenskünstler, der seine Fluchtwege immer im Blick hatte. Voltaire wurde reich, weil er eine Lotterie austrickste, erforschte zusammen mit einer Physikerin die Natur, düpierte die Versailler Hofgesellschaft, verärgerte Friedrich den Großen, kämpfte gegen die verlogene Kirche, deckte Justizskandale auf, warb der Stadt Genf für sein eigenes kleines Reich die Uhrmacher ab und verfolgte Rousseau mit grenzenlosem Sarkasmus. Volker Reinhardt erzählt von einem Abenteurer der Freiheit, der in einer Welt voller Krisen mit scharfem Verstand, beißendem Spott und menschenfreundlicher Toleranz seinen Garten bestellte und unserer eigenen Zeit den Spiegel vorhält.
</marc:subfield>
   </marc:datafield>
   <marc:datafield ind1=" " ind2=" " tag="020">
      <marc:subfield code="a">9783406781339</marc:subfield>
      <marc:subfield code="9">9783406781339</marc:subfield>
   </marc:datafield>
   <marc:datafield ind1=" " ind2=" " tag="020">
      <marc:subfield code="a">3406781330</marc:subfield>
      <marc:subfield code="9">3406781330</marc:subfield>
   </marc:datafield>
   <marc:datafield ind1=" " ind2=" " tag="041">
      <marc:subfield code="a">ger</marc:subfield>
   </marc:datafield>
   <marc:datafield ind1=" " ind2=" " tag="300">
      <marc:subfield code="a">607 Seiten</marc:subfield>
   </marc:datafield>
</marc:record>
